BIBLIOTECA PODER JUDICIAL
Portal Judicial TDF

Las audiencias públicas como recaudo de la tutela administrativa efectiva / (Registro nro. 6196)

000 -LEADER
fixed length control field 01138nabaa22002297a 4500
003 - CONTROL NUMBER IDENTIFIER
control field OSt
005 - DATE AND TIME OF LATEST TRANSACTION
control field 20260125195040.0
008 - FIXED-LENGTH DATA ELEMENTS--GENERAL INFORMATION
fixed length control field 190701b xxu||||| |||| 00| 0 spa d
040 ## - CATALOGING SOURCE
Transcribing agency PJ
100 ## - MAIN ENTRY--PERSONAL NAME
9 (RLIN) 5547
Personal name Santos, Alejandra M.
245 13 - TITLE STATEMENT
Title Las audiencias públicas como recaudo de la tutela administrativa efectiva /
Statement of responsibility, etc Alejandra M. Santos.
300 ## - PHYSICAL DESCRIPTION
Extent p. 238-246
500 ## - GENERAL NOTE
General note Cita: TR LALEY AR/DOC/2166/2024
505 ## - FORMATTED CONTENTS NOTE
Formatted contents note Sumario: I. Introducción.— II. Sucinta mención a la tutela administrativa efectiva.— III. Incorporación de las audiencias en la Ley Nacional de Procedimiento Administrativo. Sus caracteres.— IV. Naturaleza jurídica de las audiencias públicas.— V. Conclusión.
505 ## - FORMATTED CONTENTS NOTE
Title ¿Te interesa el texto completo? Comunicate al correo: koha@justierradelfuego.gov.ar
650 #0 - SUBJECT ADDED ENTRY--TOPICAL TERM
9 (RLIN) 211
Topical term or geographic name as entry element DERECHO ADMINISTRATIVO
650 #0 - SUBJECT ADDED ENTRY--TOPICAL TERM
9 (RLIN) 1135
Topical term or geographic name as entry element PROCEDIMIENTO ADMINISTRATIVO
650 #0 - SUBJECT ADDED ENTRY--TOPICAL TERM
9 (RLIN) 6931
Topical term or geographic name as entry element AUDIENCIAS PÚBLICAS
650 #0 - SUBJECT ADDED ENTRY--TOPICAL TERM
Topical term or geographic name as entry element REFORMA DEL ESTADO
9 (RLIN) 3177
773 0# - HOST ITEM ENTRY
Host Biblionumber 2842
Host Itemnumber 3251
Place, publisher, and date of publication Buenos Aires : AbeledoPerrot, 2012-
Other item identifier DA121
Title Derecho administrativo. Nº 155 septiembre/octubre 2024
International Standard Book Number 18510590
942 ## - ADDED ENTRY ELEMENTS (KOHA)
Source of classification or shelving scheme
Koha item type Analítica Artículo de Revista

No hay ítems disponibles.

12 de Octubre 789 Ushuaia - Tel:  54(02901)441571
Horario de Atención: 8.00 a 17.00 hs. 
bibliotecaush@justierradelfuego.gov.ar
koha@justierradelfuego.gov.ar
Seguinos en nuestras redes @bibliojustdf 

Con tecnología Koha